[Event "18.Città di Padova Open A"]
[Site "Padova"]
[Date "2015.12.20"]
[Round "9.30"]
[White "Desideri, Alessandro"]
[Black "Bergamasco, Tommaso"]
[Result "0-1"]
[WhiteElo "1904"]
[BlackElo "2054"]
[Annotator "Gabriele Ballarin"]
[PlyCount "98"]
[EventDate "2015.12.13"]
[EventType "swiss"]
[EventRounds "9"]
[EventCountry "ITA"]

1. e4 e6 2. d3 d5 3. Nd2 c5 4. Ngf3 Bd6 5. g3 Ne7 6. Bg2 Nbc6 7. O-O O-O 8. Re1 Bc7 9. c3 b5 10. e5 Bb7 11. h4 a5 12. Nf1 b4 13. h5 Qb8 14. Bf4 Ba6 15. Qd2 Qb5 16. Rad1 Kh8 17. N1h2 Rab8 18. h6 g6 19. Bg5 Ng8 20. Ng4 bxc3 21. bxc3 Qb2 22. Bf6+ Nxf6 23. Nxf6 Qxd2 24. Rxd2 Bc8 25. Ree2 Rb1+ 26. Kh2 Bd8 27. d4 Bxf6 28. exf6 cxd4 29. cxd4 Ba6 30. Re3 a4 31. Re1 Rxe1 32. Nxe1 Nb8 33. g4 g5 34. f4 gxf4 35. Nf3 Nd7 36. g5 Rb8 37. Kh3 Bc4 38. g6 hxg6 39. Ng5 Nxf6 40. Nxf7+ Kh7 41. Ng5+ Kxh6 42. Nxe6 g5 43. Nc5 Kg6 44. Bf3 g4+ 45. Bxg4 Rh8+ 46. Kg2 Nxg4 47. Kf3 Kf5 48. Nd3 Rh3+ 49. Ke2 Re3+ 0-1

[Event "18.Città di Padova Open A"]
[Site "Padova"]
[Date "2015.12.20"]
[Round "9.31"]
[White "Favero, Graziano"]
[Black "Casciello, Dimitri"]
[Result "1-0"]
[WhiteElo "1836"]
[BlackElo "2040"]
[Annotator "Gabriele Ballarin"]
[PlyCount "99"]
[EventDate "2015.12.13"]
[EventType "swiss"]
[EventRounds "9"]
[EventCountry "ITA"]

1. e4 c5 2. Nf3 d6 3. d4 cxd4 4. Nxd4 Nf6 5. Nc3 g6 6. Be3 Bg7 7. f3 Nc6 8. Bc4 O-O 9. Qd2 Bd7 10. Nxc6 bxc6 11. O-O Qc7 12. Rad1 Bc8 13. Qf2 a5 14. a4 Ba6 15. Qe2 Qb7 16. Bxa6 Qxa6 17. Qxa6 Rxa6 18. Ne2 Rb8 19. b3 Kf8 20. Bd4 c5 21. Be3 Rc6 22. Bd2 Ra8 23. Nc3 c4 24. Nb5 Nd7 25. Be3 Nc5 26. Rc1 Raa6 27. Rb1 Bf6 28. Nd4 Rc8 29. Rfc1 Kg7 30. Nb5 h5 31. Bd4 Ne6 32. Bxf6+ Kxf6 33. Kf2 Rc5 34. Ke3 Rac6 35. c3 cxb3 36. Rxb3 Rc4 37. Ra1 Nc5 38. Rba3 Rb6 39. g3 Nxa4 40. Nd4 Nc5 41. Ne2 a4 42. Nf4 e6 43. Ne2 g5 44. Nd4 Rb2 45. Ne2 e5 46. h3 Ke6 47. Nc1 d5 48. exd5+ Kxd5 49. Nd3 Rc2 50. Nb4+ 1-0

[Event "18.Città di Padova Open A"]
[Site "Padova"]
[Date "2015.12.20"]
[Round "9.32"]
[White "Desideri, Leonardo"]
[Black "Capito', Mario"]
[Result "1-0"]
[WhiteElo "1770"]
[BlackElo "1879"]
[Annotator "Gabriele Ballarin"]
[PlyCount "47"]
[EventDate "2015.12.13"]
[EventType "swiss"]
[EventRounds "9"]
[EventCountry "ITA"]

1. e4 b6 2. Nf3 Bb7 3. Nc3 e6 4. d4 Be7 5. Bd3 d6 6. O-O g5 7. d5 e5 8. Bb5+ Nd7 9. Bxd7+ Kxd7 10. Nxg5 Qf8 11. Ne2 h6 12. Nh3 Nf6 13. Ng3 Re8 14. c4 Kc8 15. f3 Nd7 16. b4 Qg8 17. a4 Qg6 18. a5 Rhg8 19. Qc2 b5 20. cxb5 Bxd5 21. Be3 Be6 22. b6 axb6 23. axb6 Bd8 24. Qc6 1-0

[Event "Camp.Veneto Seniores 2016-"]
[Site "Marostica ITA"]
[Date "2016.12.09"]
[Round "1"]
[White "Renier, Renzo"]
[Black "Del Nevo, Claudio"]
[Result "0-1"]
[WhiteElo "1963"]
[BlackElo "1769"]
[Annotator "Gabriele Ballarin"]
[PlyCount "82"]
[EventDate "2016.??.??"]
[EventType "swiss"]
[EventCountry "ITA"]
[TimeControl "5400+30"]

1. e4 d6 2. d4 Nf6 3. Nc3 c6 4. Nf3 g6 5. Be2 Bg7 6. O-O O-O 7. h3 b5 8. Bd3 $2 (8. e5) 8... Bb7 9. Be3 Qc7 10. Nd2 Nbd7 11. Ne2 a6 12. Ng3 c5 13. c3 c4 14. Be2 e5 15. Bf3 $2 d5 16. Re1 dxe4 17. Ndxe4 Nxe4 18. Bxe4 f5 19. Bxb7 Qxb7 20. dxe5 Nxe5 (20... f4 21. Bxf4 Rxf4 22. Qd6 Nf8) 21. Bd4 (21. Bg5) 21... Nd3 22. Bxg7 Nxe1 23. Qxe1 Qxg7 24. Ne2 Qe5 25. Qd2 Rad8 26. Nd4 Rfe8 27. Qg5 Rxd4 28. cxd4 Qxd4 29. Rb1 Re2 30. Qg3 Rxb2 31. Qb8+ Kg7 32. Qc7+ Kh6 33. Rxb2 Qxb2 34. Qf4+ g5 35. Qd6+ Kh5 36. Qe7 Qb1+ 37. Kh2 f4 38. Qe2+ Kh6 39. Qe7 Qg6 40. Qb4 Qf6 41. a4 c3 0-1

[Event "Camp.Veneto Seniores 2016-"]
[Site "Marostica ITA"]
[Date "2016.12.10"]
[Round "2"]
[White "Tencheni, Maurizio"]
[Black "Renier, Renzo"]
[Result "0-1"]
[WhiteElo "1704"]
[BlackElo "1963"]
[Annotator "Gabriele Ballarin"]
[PlyCount "116"]
[EventDate "2016.??.??"]
[EventType "swiss"]
[EventCountry "ITA"]
[TimeControl "5400+30"]

1. c4 Nf6 2. e3 e5 3. b3 Nc6 4. Bb2 d5 5. cxd5 Nxd5 6. a3 Be7 7. d3 Bf6 8. Nd2 O-O 9. Ne4 Be7 10. Nf3 f6 (10... f5 11. Nc3 Bf6) 11. Be2 f5 12. Ned2 Bf6 13. Qc2 Kh8 14. O-O Qe7 15. Rac1 Be6 16. Rfe1 Bg8 17. Qb1 Rad8 18. Bd1 $6 (18. e4 Nf4 19. exf5 Qd7) 18... e4 19. Nd4 $2 (19. dxe4 Bxb2 20. Qxb2 fxe4 21. Nd4 Nxd4 22. Qxd4 Rxf2 23. Kxf2 Nf4 24. Qc3 Nd3+ 25. Kf1 Qxa3 26. Ra1 Qf8+ 27. Bf3 exf3 28. Nxf3 Nxe1 29. Kxe1 a6) 19... Bxd4 20. exd4 e3 $6 (20... Qg5 21. dxe4 Nf4 22. Bf3 Nxd4 23. Bxd4 Rxd4 24. Rc2 Rfd8 (24... Nh3+ $5 25. Kf1 fxe4 26. Nxe4 Qb5+ 27. Rce2 Nf4)) 21. fxe3 Nxe3 22. Nf3 Bd5 23. Rxc6 bxc6 24. Qc1 f4 25. b4 Qf7 (25... Qf6) 26. Ne5 Qf5 27. Bf3 Bxf3 28. Nxf3 Qg4 (28... Rd6 29. Qd2 Qh5 30. Qf2 Rg6 31. Nh4 Re6) 29. Re2 Rd5 (29... Nxg2 $1) 30. Qxc6 Nxg2 $1 31. Ne5 Qxe2 (31... Rxe5 $1 32. Qxg2 (32. dxe5 $2 Ne3+ 33. Kf2 f3 34. Qc5 (34. Kxe3 Qf4+ 35. Kf2 Qxh2+ 36. Ke3 Qxe2+) (34. Rd2 Qh4+ 35. Kxe3 Qf4+ 36. Kf2 Qxd2+) 34... Qg2+ 35. Kxe3 Qxe2+ 36. Kd4 Rd8+) 32... Qxg2+ 33. Rxg2 Re1+ 34. Kf2 f3) 32. Qxd5 Qf1+ 33. Kxf1 Ne3+ 34. Kf2 Nxd5 35. Nc6 a6 36. a4 Rf6 37. b5 axb5 38. axb5 Rh6 39. Kf3 Re6 (39... Rh3+ 40. Ke4 f3) 40. Ne5 Rf6 (40... Rb6) 41. Ke4 Ne7 (41... Rb6) 42. Nf3 Ng6 $2 (42... Rb6) 43. d5 Rb6 44. Nd4 Ne7 $2 (44... Kg8) 45. Ba3 Nc8 (45... Ng8) 46. Kxf4 Rh6 $6 (46... Kg8) 47. Nf3 $2 (47. Ne6) 47... Nb6 48. Ke4 Rh5 49. Ke3 $6 (49. d6) 49... Rxd5 50. Nd4 Rh5 51. Ke4 Rxh2 52. Bc5 Nd7 53. Be7 Nf6+ 54. Bxf6 gxf6 55. Kd5 Rh3 56. Kc6 Rxd3 57. Ne6 $4 Rd6+ 58. Kxc7 Rxe6 0-1

[Event "Camp.Veneto Seniores 2016-"]
[Site "Marostica ITA"]
[Date "2016.12.10"]
[Round "3"]
[White "Renier, Renzo"]
[Black "Ranzato, Paolo"]
[Result "1-0"]
[WhiteElo "1963"]
[BlackElo "1807"]
[Annotator "Gabriele Ballarin"]
[PlyCount "99"]
[EventDate "2016.??.??"]
[EventType "swiss"]
[EventCountry "ITA"]
[TimeControl "5400+30"]

1. e4 c6 2. d4 d5 3. Nc3 dxe4 4. Nxe4 Bf5 5. Ng3 Bg6 6. Nf3 Nf6 7. Ne5 $6 (7. h4 h6 8. Ne5 Bh7 9. Bc4 e6 10. Qe2 Nd5 11. Bb3 Nd7 12. Bd2 N7f6 13. O-O-O) 7... Nbd7 8. Nxg6 hxg6 9. Bd3 e6 10. Bd2 Bd6 11. Qe2 Qc7 12. O-O-O O-O-O 13. c4 Bf4 14. Kb1 Bxd2 15. Rxd2 Rh4 16. Bc2 Nb6 17. c5 Nbd5 18. h3 Nb4 19. Rhd1 Nxc2 20. Kxc2 Qa5 21. Kb1 Qa4 22. Qe5 Rd5 23. Qe3 Rd7 24. Qe5 Qc4 25. f3 Qd5 26. Qe1 g5 27. Ne2 Qf5+ 28. Ka1 Nd5 29. Nc3 (29. Ng3 Qg6 30. Ne4) 29... Nb4 30. Ne4 Rxd4 $4 31. a3 $5 (31. Rxd4 $1 Nc2+ 32. Kb1 Nxd4 (32... Nxe1 33. Rd8+ Kc7 34. R1d7#) 33. Rxd4) 31... Qd5 (31... Rxd2 32. Rxd2 Rxe4 33. fxe4 Qxc5 34. axb4) 32. axb4 Rxd2 33. Qxd2 f5 34. Qxd5 $6 (34. Qc1 $1 Qb3 35. Rd8+ Kxd8 (35... Kc7 36. Qxg5) 36. Qxg5+ Kd7 37. Qxg7+ Kc8 (37... Kd8 38. Qf8+ Kd7 39. Nf6+ Kc7 40. Qd6+ Kc8 41. Qd7+ Kb8 42. Qd8#) 38. Nd6+ Kd8 39. Qf8+ Kd7 40. Qe8+ Kc7 41. Qc8#) 34... cxd5 35. Nxg5 Kd7 36. Re1 Rh6 37. Nf7 (37. b5) 37... Rh4 38. Ne5+ Kc7 39. Ng6 Rxb4 40. Rxe6 Rc4 41. Re7+ Kc8 42. Rxg7 Rxc5 43. Kb1 d4 44. Nf4 Re5 45. h4 Re1+ 46. Kc2 Rh1 47. h5 a5 48. Nh3 Re1 49. h6 Re2+ 50. Kd3 1-0

[Event "Camp.Veneto Seniores 2016-"]
[Site "Marostica ITA"]
[Date "2016.12.11"]
[Round "4"]
[White "Bonollo, Sergio"]
[Black "Renier, Renzo"]
[Result "1-0"]
[WhiteElo "1792"]
[BlackElo "1963"]
[Annotator "Gabriele Ballarin"]
[PlyCount "101"]
[EventDate "2016.??.??"]
[EventType "swiss"]
[EventCountry "ITA"]
[TimeControl "5400+30"]

1. Nf3 d5 2. g3 c5 3. Bg2 Nc6 4. O-O e5 5. d3 Nf6 6. a3 (6. c4 Be7 7. Nc3 d4 8. Na4 O-O 9. e4 Nd7 10. Nd2 a6) 6... Be7 7. c4 dxc4 8. dxc4 Qxd1 $6 9. Rxd1 Be6 10. b3 O-O (10... Nd4 11. Nxd4 (11. Nxe5 $2 O-O-O $1 12. Rxd4 (12. Kf1 $2 Nxb3) (12. Nd2 Bd6 13. Nef3 Nxe2+ 14. Kf1 Nxc1 15. Raxc1 h6) 12... cxd4) 11... O-O-O 12. Nd2 exd4) 11. Bb2 Rad8 12. Nbd2 Bf5 13. Rac1 (13. Bxe5 Nxe5 14. Nxe5 Bc2 15. Bxb7 Bxd1 16. Rxd1 Bd6 17. Nd3) 13... Nd4 14. Nxd4 exd4 15. Bxb7 Rd7 (15... Rb8 16. Bg2 Rfe8) 16. Bg2 Rfd8 17. h3 Bf8 18. g4 Bg6 $2 (18... Be6) 19. f4 h6 20. f5 Bh7 21. Ne4 Nxe4 22. Bxe4 Re7 23. Bd3 Re3 24. Kg2 Bd6 25. Rh1 Rde8 26. Rcf1 g6 27. Rf3 gxf5 28. gxf5 Rxf3 29. Kxf3 Re3+ 30. Kf2 Kg7 31. b4 Kf6 32. Bc1 Re8 33. b5 h5 $6 34. Rf1 Rg8 35. Ke1 h4 $2 (35... Rg3 36. h4 Rg4 37. Bg5+ Ke5 38. Kd2 f6 39. Bh6) 36. a4 (36. Bf4 $1) 36... Rg3 37. a5 Bc7 38. Bd2 (38. b6 $1 axb6 39. a6 Bb8 40. Bf4 Bxf4 41. Rxf4 Rg1+ 42. Kd2 Ra1 43. Rxh4 Bxf5 44. Rf4) 38... Rxh3 39. a6 $6 Rg3 40. Bf4 Ba5+ 41. Kd1 Rg4 42. Bd6 Bb6 43. Kc2 Rg5 (43... Kg5) 44. Kd2 Bxf5 (44... h3) 45. Bxf5 Rxf5 46. Rh1 Rh5 47. e3 dxe3+ (47... Ke6 $1 {(Micheli)}) 48. Kxe3 Ke6 49. Rd1 h3 50. Bh2 Rh4 51. Rd6+ {(Il Nero con pochi secondi sull'orologio non vede che la sua posizione non è persa, addirittura è migliore)} (51. Rd6+ Kf5 52. Rd5+ (52. Rxb6 $2 {[Nelll'analisi del dopo partita il Bianco ha detto che avrebbe giocato così]} axb6 53. a7 Rh8 54. Bb8 h2 $3 55. a8=Q (55. Bxh2 Rh3+ $1) 55... h1=Q $19) 52... Kg4 53. Rd1 Kg5 54. Rg1+ (54. Rd5+ f5) 54... Kf5 55. Rf1+ Ke6 56. Rf4 Rh7 (56... Rxf4 57. Bxf4 $11) 57. Rf1 f6 58. Rd1) 1-0

[Event "76. Camp. Interprovinciale PD e Rov"]
[Site "Monselice ITA"]
[Date "2016.01.22"]
[Round "1.1"]
[White "Rosina, Graziano"]
[Black "Lodici, Lorenzo"]
[Result "0-1"]
[WhiteElo "1761"]
[BlackElo "2374"]
[Annotator "Gabriele Ballarin"]
[PlyCount "74"]
[EventDate "2016.01.22"]
[EventType "swiss"]
[EventRounds "5"]
[EventCountry "ITA"]

1. Nf3 f5 2. c4 Nf6 3. Nc3 g6 4. g3 d6 5. Bg2 e5 6. d3 Bg7 7. Bg5 h6 8. Bxf6 Qxf6 9. Nd5 Qf7 10. Rb1 c6 11. Nc3 g5 12. h3 Be6 13. e4 Nd7 14. Qe2 O-O 15. O-O fxe4 16. Qxe4 Nf6 17. Qe1 Qh5 18. Nh2 Bxh3 19. Bxh3 Qxh3 20. Ne4 d5 21. Nxf6+ Bxf6 22. cxd5 cxd5 23. Qb4 Qd7 24. Ng4 Bg7 25. Ne3 Kh8 26. Qb3 Rad8 27. Rbc1 b6 28. Rc2 h5 29. f3 Qh3 30. Rg2 e4 31. dxe4 dxe4 32. fxe4 Rxf1+ 33. Kxf1 Bd4 34. Kg1 h4 35. Qd3 hxg3 36. Rd2 g2 37. Rxg2 Bxe3+ 0-1

[Event "76. Camp. Interprovinciale PD e Rov"]
[Site "Monselice ITA"]
[Date "2016.01.22"]
[Round "1.2"]
[White "Balzan, Alessandro"]
[Black "Aliberti, Nicola"]
[Result "1-0"]
[WhiteElo "2128"]
[BlackElo "1696"]
[Annotator "Gabriele Ballarin"]
[PlyCount "167"]
[EventDate "2016.01.22"]
[EventType "swiss"]
[EventRounds "5"]
[EventCountry "ITA"]

1. d4 Nf6 2. Nf3 g6 3. g3 Bg7 4. Bg2 O-O 5. O-O d6 6. c4 c6 7. Nc3 Na6 8. b3 Qc7 9. Bb2 b6 10. Rc1 Bb7 11. a3 Rad8 12. Qc2 c5 13. d5 Bc8 14. e4 Bg4 15. Nb5 Qb8 16. h3 Bxf3 17. Bxf3 Nd7 18. Bxg7 Kxg7 19. Bg2 Nc7 20. Nc3 b5 21. f4 b4 22. axb4 Qxb4 23. Ra1 a6 24. Na2 Qb6 25. Qc3+ Kg8 26. e5 Rb8 27. Rab1 a5 28. Be4 f5 29. exf6 exf6 30. Rfe1 f5 31. Bc2 Rfe8 32. Qf3 Rxe1+ {=} 33. Rxe1 Re8 34. Rxe8+ Nxe8 35. Qe3 Qd8 36. Qe6+ Kf8 37. Nc3 Qe7 38. Qxe7+ Kxe7 39. Kf2 Nc7 40. Kf3 Kf6 41. g4 h6 42. gxf5 gxf5 43. Ne2 Ne8 44. Kg3 Kg6 45. Kf3 Kf6 46. Ke3 Nb6 47. Kd3 Nd7 48. Nc3 Nc7 49. Bd1 Kg6 50. Bf3 Nb6 51. Bd1 Nd7 52. Ne2 Ne8 53. Ng3 Ng7 54. Kc3 h5 55. h4 Nb6 56. Ne2 Ne8 57. Kd3 Nd7 58. Ng1 Nef6 59. Nh3 Ne4 60. Bf3 Ndf6 61. Bg2 Ng3 62. Ng5 Ng4 63. Ne6 Nf2+ 64. Kc2 Ng4 65. Kb2 Ne3 66. Bf3 Ng4 67. Nd8 Nf2 68. Nb7 Nge4 69. Kc2 Nh3 70. Bxe4 fxe4 71. Nxd6 Nxf4 72. Nxe4 Kf5 73. Nxc5 Ng2 74. d6 Kf6 75. Ne4+ Ke6 76. c5 Nxh4 77. Ng3 Nf3 78. Nxh5 Nd4+ 79. Kc3 Nb5+ 80. Kc4 Na3+ 81. Kd3 Nb5 82. Nf4+ Kd7 83. Kc4 Na3+ 84. Kd5 1-0

[Event "76. Camp. Interprovinciale PD e Rov"]
[Site "Monselice ITA"]
[Date "2016.01.22"]
[Round "1.3"]
[White "Di Biccari, Alessandro"]
[Black "Rossato, Armando"]
[Result "0-1"]
[WhiteElo "1684"]
[BlackElo "2102"]
[Annotator "Gabriele Ballarin"]
[PlyCount "54"]
[EventDate "2016.01.22"]
[EventType "swiss"]
[EventRounds "5"]
[EventCountry "ITA"]

1. e4 Nf6 2. e5 Nd5 3. d4 d6 4. Nf3 dxe5 5. Nxe5 c6 6. Be2 Nd7 7. Nd3 g6 8. O-O Bg7 9. c3 O-O 10. Nd2 e5 11. dxe5 Nxe5 12. Nxe5 Bxe5 13. Nf3 Bg7 14. Qc2 Bf5 15. Qa4 Re8 16. Re1 Re4 17. Qb3 Qe7 18. Kf1 Re8 19. Ng1 b5 20. Bd2 Nb6 21. Be3 Nc4 22. Bxc4 bxc4 23. Qa4 Bh6 24. Qxc6 Bxe3 25. Rxe3 Rxe3 26. fxe3 Bd3+ 27. Ne2 Qxe3 0-1

[Event "76. Camp. Interprovinciale PD e Rov"]
[Site "Monselice ITA"]
[Date "2016.01.22"]
[Round "1.4"]
[White "Bergamasco, Tommaso"]
[Black "De Marchi, Alessandro"]
[Result "1-0"]
[WhiteElo "2071"]
[BlackElo "1680"]
[Annotator "Gabriele Ballarin"]
[PlyCount "53"]
[EventDate "2016.01.22"]
[EventType "swiss"]
[EventRounds "5"]
[EventCountry "ITA"]

1. d4 d5 2. Nf3 g6 3. Bf4 Bg7 4. e3 Nf6 5. Bd3 O-O 6. O-O Nh5 7. c3 Nxf4 8. exf4 c6 9. Re1 Re8 10. Nbd2 Nd7 11. f5 Nb6 12. Qc2 e6 13. fxg6 hxg6 14. Ne5 Qf6 15. Re3 Rf8 16. Rf3 Qe7 17. Bxg6 Bxe5 18. Bh7+ Kg7 19. dxe5 Rh8 20. Bd3 Nd7 21. Re1 Rh5 22. Rg3+ Kh8 23. Qd1 Rh6 24. Qg4 Qf8 25. Ree3 f5 26. Qg5 Nxe5 27. Rxe5 1-0

[Event "76. Camp. Interprovinciale PD e Rov"]
[Site "Monselice ITA"]
[Date "2016.01.22"]
[Round "1.5"]
[White "Zangheratti, Daniele"]
[Black "Loiacono, Leonardo"]
[Result "1-0"]
[WhiteElo "1649"]
[BlackElo "2051"]
[Annotator "Gabriele Ballarin"]
[PlyCount "131"]
[EventDate "2016.01.22"]
[EventType "swiss"]
[EventRounds "5"]
[EventCountry "ITA"]

1. c4 Nf6 2. Nc3 g6 3. g3 Bg7 4. Bg2 O-O 5. Nf3 d6 6. O-O Nc6 7. d3 a6 8. Bd2 Rb8 9. Rb1 b5 10. a3 Bd7 11. Qc1 bxc4 12. dxc4 Na5 13. Nd5 Nb3 14. Nxf6+ Bxf6 15. Qe1 Nxd2 16. Nxd2 Rxb2 17. Ne4 Bg7 18. Rxb2 Bxb2 19. Qa5 Be6 20. Qxa6 Qc8 21. Qa4 Bd7 22. Qb3 Bg7 23. h4 Qa6 24. Nc3 c6 25. e3 Be6 26. Qa4 Ra8 27. Qxc6 Qxc6 28. Bxc6 Rc8 29. Nd5 Kf8 30. Bb5 Bxd5 31. cxd5 Rc5 32. Bc6 e6 33. e4 Rc2 34. Kg2 Bd4 35. a4 Ke7 36. g4 Kf6 37. Kg3 Rc3+ 38. f3 Be5+ 39. Kg2 Bf4 40. Rf2 Ra3 41. Re2 Ke5 42. Be8 Kd4 43. Bxf7 Kd3 44. dxe6 Kxe2 45. e7 Rxf3 46. Bc4+ Ke3 47. e8=Q Rf2+ 48. Kg1 Rc2 49. Qb5 Kf3 50. Qb3+ Be3+ 51. Kh1 Rc1+ 52. Kh2 Kf4 53. Be2 Re1 54. Qf7+ Kxe4 55. Qf3+ Kd4 56. Qf6+ Ke4 57. Bf3+ Kd3 58. Qxd6+ Bd4 59. Qa3+ Kd2 60. a5 Ra1 61. Qb4+ Kd3 62. Qb3+ Kd2 63. Be4 Be5+ 64. Kg2 Rxa5 65. Qc2+ Ke1 66. Bf3 1-0

[Event "76. Camp. Interprovinciale PD e Rov"]
[Site "Monselice ITA"]
[Date "2016.01.22"]
[Round "1.6"]
[White "Loiacono, Antonio"]
[Black "Cavazzini, Umberto"]
[Result "1-0"]
[WhiteElo "2024"]
[BlackElo "1637"]
[Annotator "Gabriele Ballarin"]
[PlyCount "82"]
[EventDate "2016.01.22"]
[EventType "swiss"]
[EventRounds "5"]
[EventCountry "ITA"]

1. e4 c5 2. Nf3 e6 3. d4 cxd4 4. Nxd4 a6 5. Nc3 Qc7 6. Be2 Nf6 7. O-O Be7 8. Be3 O-O 9. f4 d6 10. Kh1 Nbd7 11. Nb3 b5 12. a3 Bb7 13. Bd3 Rfd8 14. Qe1 d5 15. e5 Ne4 16. Bxe4 dxe4 17. Bg1 b4 18. axb4 Bxb4 19. Bd4 Rac8 20. Ra4 Bxc3 21. Bxc3 Nb6 22. Ra1 Nc4 23. Qe2 Qb6 24. Rfe1 Rd7 25. h3 Qc6 26. Nd4 Qb6 27. Nb3 Qc6 28. Kh2 Rcd8 29. Ba5 Rc8 30. Bc3 Rcd8 31. Ba5 Rc8 32. Ra2 e3 33. Bc3 Rcd8 34. Raa1 Nd2 35. Na5 Qe4 36. Nxb7 Rxb7 37. Qxe3 Qxc2 38. Rac1 Qd3 39. Qxd3 Rxd3 40. Red1 Rbd7 41. Rxd2 Rxd2 1-0

[Event "76. Camp. Interprovinciale PD e Rov"]
[Site "Monselice ITA"]
[Date "2016.01.22"]
[Round "1.7"]
[White "Pilotto, Alessandro"]
[Black "Gallo, Enrico"]
[Result "0-1"]
[WhiteElo "1627"]
[BlackElo "2019"]
[Annotator "Gabriele Ballarin"]
[PlyCount "72"]
[EventDate "2016.01.22"]
[EventType "swiss"]
[EventRounds "5"]
[EventCountry "ITA"]

1. d4 d5 2. Bf4 Nf6 3. e3 g6 4. Be2 Bg7 5. c3 O-O 6. h3 c5 7. dxc5 Nc6 8. Nf3 Ne4 9. O-O Nxc5 10. Nbd2 e5 11. Bg3 Be6 12. Bb5 Nd7 13. Rb1 h6 14. a3 Qb6 15. Ba4 Rfd8 16. Qc1 Rac8 17. Bc2 a5 18. Ba4 d4 19. Bxc6 Rxc6 20. exd4 exd4 21. c4 Bf5 22. Ra1 Nc5 23. Ra2 a4 24. Nh4 Be6 25. Qb1 Nb3 26. Rd1 d3 27. Nhf3 Bxc4 28. Nxc4 Rxc4 29. Nd2 Rc2 30. Bf4 Re8 31. Re1 Rxe1+ 32. Qxe1 Rc1 33. Qxc1 Nxc1 34. Be3 Ne2+ 35. Kh1 Bd4 36. Bxd4 Qxd4 0-1

[Event "76. Camp. Interprovinciale PD e Rov"]
[Site "Monselice ITA"]
[Date "2016.01.22"]
[Round "1.8"]
[White "Simonetto, Andrea"]
[Black "Alessi, Giovanni"]
[Result "1-0"]
[WhiteElo "1937"]
[BlackElo "1564"]
[Annotator "Gabriele Ballarin"]
[PlyCount "87"]
[EventDate "2016.01.22"]
[EventType "swiss"]
[EventRounds "5"]
[EventCountry "ITA"]

1. d4 d5 2. c4 e6 3. Nc3 c6 4. g3 Nf6 5. Nf3 a5 6. Bg2 Nbd7 7. O-O Bd6 8. e4 dxe4 9. Ng5 O-O 10. Ngxe4 Nxe4 11. Nxe4 Be7 12. Bf4 Nb6 13. b3 f5 14. Nc5 Bf6 15. Be3 Re8 16. f4 Nd7 17. Nd3 Qc7 18. Ne5 Be7 19. Qc2 Nf6 20. Rad1 Rd8 21. Rfe1 Bb4 22. Re2 Qe7 23. Bf2 Qf8 24. Kh1 Be7 25. h3 Qe8 26. Bf3 Bd7 27. g4 fxg4 28. hxg4 b5 29. c5 Nd5 30. Bg3 Qf8 31. Rh2 g6 32. Bxd5 cxd5 33. Rxh7 Be8 34. Qh2 Bf6 35. Kg2 Rd7 36. Nxd7 Bxd7 37. Rxd7 Be7 38. Rh1 Kf7 39. Qh7+ Ke8 40. Rxe7+ Qxe7 41. Qxe7+ Kxe7 42. Rh7+ Kf6 43. Kf3 b4 44. g5+ 1-0

[Event "76. Camp. Interprovinciale PD e Rov"]
[Site "Monselice ITA"]
[Date "2016.01.22"]
[Round "1.9"]
[White "Martinello, Edoardo"]
[Black "Bordignon, Angelo"]
[Result "0-1"]
[WhiteElo "1541"]
[BlackElo "1930"]
[Annotator "Gabriele Ballarin"]
[PlyCount "94"]
[EventDate "2016.01.22"]
[EventType "swiss"]
[EventRounds "5"]
[EventCountry "ITA"]

1. e4 g6 2. d4 Bg7 3. Nf3 d6 4. Nc3 a6 5. Bc4 e6 6. O-O Ne7 7. Be3 h6 8. Qd2 Nd7 9. Rad1 b6 10. d5 e5 11. Ne1 g5 12. Nd3 Ng6 13. Nb4 O-O 14. Nc6 Qe8 15. a4 Nf6 16. b4 Bd7 17. b5 a5 18. f3 Kh7 19. Kh1 Rh8 20. Qe1 Nh5 21. g3 Bh3 22. Rg1 Bf6 23. Bf1 Bd7 24. Bc4 Ng7 25. Kg2 Bd8 26. Rf1 h5 27. Qd2 f6 28. Rh1 Kg8 29. Rdf1 h4 30. Qe1 Bc8 31. Qe2 Nh5 32. Qd2 Qd7 33. Rfg1 h3+ 34. Kf2 Kf7 35. Bb3 Be7 36. Bc4 Bf8 37. Ne2 Bh6 38. Rf1 Qe8 39. Kg1 Qg8 40. Bb3 Bd7 41. Bc4 Qg7 42. Bb3 Rhg8 43. c4 Ne7 44. Qc1 Ke8 45. Qd2 Ng6 46. Qc1 Ngf4 47. Nxf4 gxf4 0-1

[Event "76. Camp. Interprovinciale PD e Rov"]
[Site "Monselice ITA"]
[Date "2016.01.22"]
[Round "1.10"]
[White "Temporin, Alberto"]
[Black "Dacico, Gianni"]
[Result "1/2-1/2"]
[WhiteElo "1908"]
[BlackElo "1511"]
[Annotator "Gabriele Ballarin"]
[PlyCount "54"]
[EventDate "2016.01.22"]
[EventType "swiss"]
[EventRounds "5"]
[EventCountry "ITA"]

1. e4 e5 2. Nf3 Nc6 3. Bc4 Bc5 4. d3 Nf6 5. Bg5 d6 6. h3 h6 7. Be3 Bb6 8. Bxb6 axb6 9. a3 Bd7 10. O-O Ne7 11. Nc3 c6 12. Bb3 Ng6 13. Ne2 Qc8 14. Kh2 Nh5 15. Nfg1 O-O 16. g3 Nf6 17. f4 Bxh3 18. Nxh3 Ng4+ 19. Kg1 Ne3 20. Qc1 Nxf1 21. Qxf1 exf4 22. Nhxf4 Nxf4 23. Nxf4 Qg4 24. Kg2 Ra5 25. Qf3 Qg5 26. Rf1 Qf6 27. Ne6 fxe6 1/2-1/2

[Event "76. Camp. Interprovinciale PD e Rov"]
[Site "Monselice ITA"]
[Date "2016.01.22"]
[Round "1.11"]
[White "Crescenzio, Alberto"]
[Black "Pomaro, Stefano"]
[Result "0-1"]
[WhiteElo "1440"]
[BlackElo "1850"]
[Annotator "Gabriele Ballarin"]
[PlyCount "111"]
[EventDate "2016.01.22"]
[EventType "swiss"]
[EventRounds "5"]
[EventCountry "ITA"]

1. e4 c6 2. d4 d5 3. e5 Bf5 4. Nf3 e6 5. Nc3 Nd7 6. Bd3 Bxd3 7. Qxd3 Ne7 8. Bg5 h6 9. Bh4 Qb6 10. b3 Nf5 11. O-O Nxh4 12. Nxh4 Be7 13. Nf3 O-O 14. Na4 Qc7 15. Rac1 Ba3 16. Rb1 Qa5 17. Nd2 b5 18. Nb2 Bb4 19. Rfd1 Bc3 20. f4 c5 21. Nf3 Rac8 22. Qe3 cxd4 23. Nxd4 Qb6 24. Rd3 Bxd4 25. Rxd4 Rxc2 26. Kh1 Rfc8 27. h3 R8c3 28. Qg1 Rg3 29. Rdd1 Rgxg2 30. Qxb6 Nxb6 31. Nd3 Rh2+ 32. Kg1 Rxh3 33. Nb4 Rcc3 34. Rbc1 Kh7 35. Rxc3 Rxc3 36. Rf1 a5 37. Na6 d4 38. b4 a4 39. Nc5 Nd5 40. f5 exf5 41. Rxf5 Kg6 42. Rf2 Ne3 43. Rf4 d3 44. Rd4 Nf5 45. Rxd3 Rxd3 46. Nxd3 Nd4 47. Nb2 Kf5 48. Kf2 Kxe5 49. Ke3 Nc2+ 50. Kd2 Nxb4 51. a3 Nd5 52. Nd3+ Kd4 53. Nf2 f5 54. Nd3 g5 55. Nb4 Nxb4 56. axb4 0-1

[Event "76. Camp. Interprovinciale PD e Rov"]
[Site "Monselice ITA"]
[Date "2016.01.22"]
[Round "1.12"]
[White "Baruzzo, Fabio"]
[Black "Ferrarese, Noemi"]
[Result "1-0"]
[WhiteElo "1815"]
[BlackElo "1440"]
[Annotator "Gabriele Ballarin"]
[PlyCount "53"]
[EventDate "2016.01.22"]
[EventType "swiss"]
[EventRounds "5"]
[EventCountry "ITA"]

1. c4 e5 2. Nc3 Nf6 3. Nf3 Nc6 4. g3 Bc5 5. Bg2 d5 6. cxd5 Nxd5 7. O-O Be6 8. Ne4 Qe7 9. a3 a5 10. d3 O-O 11. Bg5 f6 12. Bd2 f5 13. Nxc5 Qxc5 14. Rc1 Qd6 15. Ng5 f4 16. Nxe6 Qxe6 17. Qb3 Rab8 18. Bxd5 Nd4 19. Bxe6+ Kh8 20. Qa2 Nxe2+ 21. Kg2 Nxc1 22. Rxc1 fxg3 23. hxg3 Rf6 24. Rxc7 Re8 25. Rxb7 g6 26. Bh6 g5 27. Bg7# 1-0